Modern European painting / (Record no. 856372)

MARC details
000 -LEADER
fixed length control field 00769nam a2200277 a 4500
001 - CONTROL NUMBER
control field vtls001402151
003 - CONTROL NUMBER IDENTIFIER
control field NLI
005 - DATE AND TIME OF LATEST TRANSACTION
control field 20210627113005.0
008 - FIXED-LENGTH DATA ELEMENTS--GENERAL INFORMATION
fixed length control field 121127s1961 enk 000 0beng
020 ## - INTERNATIONAL STANDARD BOOK NUMBER
Terms of availability PND 50.00
039 #9 - LEVEL OF BIBLIOGRAPHIC CONTROL AND CODING DETAIL [OBSOLETE]
-- 201211272015
-- VLOAD
040 ## - CATALOGING SOURCE
Original cataloging agency NLI
Language of cataloging eng
Transcribing agency Datasoft_2012
Description conventions AACR2
041 0# - LANGUAGE CODE
Language code of text/sound track or separate title eng
044 ## - COUNTRY OF PUBLISHING/PRODUCING ENTITY CODE
MARC country code enk
082 04 - DEWEY DECIMAL CLASSIFICATION NUMBER
Classification number 759.06
100 1# - MAIN ENTRY--PERSONAL NAME
Personal name Colombo, Alfredo
9 (RLIN) 975725
245 10 - TITLE STATEMENT
Title Modern European painting /
Statement of responsibility, etc. by Alfredo Colombo
260 ## - PUBLICATION, DISTRIBUTION, ETC.
Place of publication, distribution, etc. London :
Name of publisher, distributor, etc. Peter Nevill,
Date of publication, distribution, etc. c1961
300 ## - PHYSICAL DESCRIPTION
Extent 206 p. ;
Dimensions 33 cm.
650 #0 - SUBJECT ADDED ENTRY--TOPICAL TERM
Topical term or geographic name entry element Painters
Geographic subdivision France
General subdivision Biography
9 (RLIN) 806391
887 ## - NON-MARC INFORMATION FIELD
Content of non-MARC field
901 ## - LOCAL DATA ELEMENT A, LDA (RLIN)
a 351566
b 23.02.1963
902 ## - LOCAL DATA ELEMENT B, LDB (RLIN)
a E/O 759.06 C 715
949 ## - LOCAL PROCESSING INFORMATION (OCLC)
-- VIRTUAITEM
-- 10000
-- 100
6 PUR000351566ENG
942 ## - ADDED ENTRY ELEMENTS (KOHA)
Source of classification or shelving scheme Dewey Decimal Classification
Koha item type Books
Holdings
Withdrawn status Lost status Damaged status Not for loan Collection code Home library Current library Shelving location Date acquired Total Checkouts Full call number Barcode Date last seen Price effective from Koha item type
        New English Oversized National Library of India National Library of India New English Oversized - Main Stack Division     E/O 759.06 C 715 PUR000351566ENG 27/06/2021 27/06/2021 Books
                                                                           
web counter

Copyright ©2020 The National Library of India, Govt. of India ↔ Hosted by NVLI, MOC ↔ Technology and Design by National Library of India, Ministry of Culture, Govt. of India